000 00319nam a2200133Ia 4500
005 20260328104312.0
008 260328s9999||||xx |||||||||||||| ||und||
100 _aAckerman, Jennifer
245 4 _aThe Genius of Birds /
_cJennifer Ackerman
260 _bPenguin
300 _a340 p.
650 _aAVES
942 _cBK
999 _c10984
_d10984